000 00411nam a2200181Ia 4500
008 210210b1950 xxu||||| |||| 00| 0 eng d
041 _aeng
082 _a829/101
100 _aBRUCE (D)
245 _aValley under the cross
260 _aLondon
_bConstatble & Co Ltd.
_c1950
650 _aValley
650 _aunder
650 _athe
650 _across
690 _aEnglish Fiction
906 _a016711
999 _c136376
_d136376